Code civil 2004

Gorde:
Xehetasun bibliografikoak
Egile nagusia: Lucas, André (autor)
Formatua: Liburua
Hizkuntza:frantsesa
Argitaratua: París Litec 2003
Edizioa:23a. ed
Gaiak:
Etiketak: Etiketa erantsi
Etiketarik gabe, Izan zaitez lehena erregistro honi etiketa jartzen!

MARC

LEADER 00000nam a2200000 a 4500
001 UCL7028
003 CL-VaPUC
008 040423e20030000FR |||||||||||||||||fre|d
020 |a 2711002829 
082 0 4 |a 346.44  |b LUC  |2 21 
100 |a Lucas, André  |e autor  |9 484750 
245 1 0 |a Code civil 2004 
250 |a 23a. ed 
300 |a 2101 p 
942 |c BK 
945 |d 20040423 00:00:00  |a cmena 
260 |a París  |b Litec  |c 2003 
650 0 |a Código civil  |9 256135 
650 0 |a Historia del derecho  |9 255109 
650 7 |a PROCEDIMIENTOS CIVIL  |2 CL-VaPUC  |9 484751 
651 0 |a Francia  |9 255157 
583 |a last modification  |c 20040423 00:00:00  |k Rodrigo Vera 
999 |c 308897  |d 308895 
952 |0 0  |1 0  |4 0  |6 346_440000000000000_LUC_2003  |7 0  |8 A  |9 375826  |a BIBDER  |b BIBDER  |d 2019-11-21  |i 4009673  |l 1  |o 346.44 LUC 2003  |p 4009673  |r 2023-01-25  |s 2022-09-15  |w 2019-11-21  |y BK  |k DER